000 00594nam a22002057a 4500
999 _c8719
_d8719
003 AR-CdUCM
008 190325b ||||| |||| 00| 0 spa d
020 _a84-02-06708-5
040 _aMUNICIPALIDAD PROVINCIAL DEL CUSCO
_cBIBLIOTECA MUNICIPAL DEL CUSCO
082 _a828.9 /
_bG79
100 _aGreene, Graham
_91162
245 _aEl americano impasible /
260 _aBarcelona :
_bBruguera,
_c1980.
300 _a247 páginas ;
_c18 cm.
650 _aNovelas inglesas
_91158
650 _aSiglo XX
_98
700 _aWilcock, J. R. (traductor)
_994
942 _2ddc
_cLIBROS
945 _aafb